| 000 | 00520nam a2200169Ia 4500 | ||
|---|---|---|---|
| 999 |
_c22580 _d22580 |
||
| 003 | OSt | ||
| 005 | 20201208141946.0 | ||
| 008 | 190216s9999||||xx |||||||||||||| ||und|| | ||
| 040 | _coclc | ||
| 082 |
_a297 _bABD/I |
||
| 100 |
_a Abdul Hameed, Cheriyamundam _91843 |
||
| 245 | 0 |
_aIslam Prasthanangalum Darsanangalum / _cCheriyamundam Abdul Hameed |
|
| 260 |
_bYuvatha Book House, _aKozhikode: _c2004. |
||
| 300 | _a1148p | ||
| 650 | _aIslamic History | ||
| 942 |
_cBK _2ddc _h297 _iABD/I _k297 _mABD/I |
||